| 000 | 00382nam a2200145Ia 4500 | ||
|---|---|---|---|
| 008 | 230917s9999||||xx |||||||||||||| ||und|| | ||
| 040 |
_e137466 _aMAIN |
||
| 041 | _aEnglish | ||
| 082 | _a006.7 J35M | ||
| 100 | _aJeffcoate, Judith | ||
| 245 | 0 | _aMultimedia in practices: Technology and applications | |
| 260 |
_aNew Delhi _bPrentice Hall _c2001 |
||
| 300 | _a238 p. | ||
| 942 | _cBK | ||
| 999 |
_c112547 _d112547 |
||